• 首页
  • 本馆介绍
  • 公告通知
  • 最新文献
  • 馆藏检索
  • 电子资源
  • 读者导购
  • 参考咨询
  • 我的图书馆
  • 登录
  • 详细信息显示
  • 放入我的书架
  • 预约/预借图书
  • 作者相关作品
  • 分类相关作品
  • 丛书相关作品
  • 出版社相关作品

书目信息

  • 表格格式
  • 工作单格式
  • 卡片格式
题名:
中国禁书大观
    
 
作者: 安平秋 , 章培恒 主编
分册:  
出版信息: 上海   上海文化出版社  1990.03
页数: 715页
开本: 21cm
丛书名: 五角丛书
单 册:
中图分类: Z839.9
科图分类:
主题词: 禁书--图书目录
电子资源:
ISBN: 7-80511-365-3
000 00655nam0 2200229 45
001 0505081591
005 20050509083140.8
010    @a7-80511-365-3@dCNY11.90
100    @a20050508d1990 km y0chiy0120 ea
101 0  @achi
105    @a z 000yy
200 1  @a中国禁书大观@AZhong Guo Jin Shu Da Guan@f安平秋,章培恒主编@FAn Ping Qiu,Zhang Pei Heng Zhu Bian
210    @a上海@c上海文化出版社@d1990.03
215    @a715页@d21cm
225    @a五角丛书
410    @12001 @a五角丛书
606 0  @a禁书@x图书目录
690    @aZ839.9@v3
701  0 @a安平秋@4主编
701  0 @a章培恒@4主编
801    @aCN@bPftUser@c20050508
905    @f1@b232016@dZ839.9@e19
    
    中国禁书大观/安平秋,章培恒主编.-上海:上海文化出版社,1990.03
    715页;21cm.-(五角丛书)
    
    
    ISBN 7-80511-365-3:CNY11.90
    
●
相关链接 在E读中查询图书 在五车中查询图书 在当当中查询图书 在豆瓣中查询图书


正题名:中国禁书大观     索取号:Z839.9/19         预约/预借

序号 登录号 条形码 馆藏地/架位号 状态 备注
1 0232016   001556863   工具书阅览室/ [索取号:Z839.9/19] 在馆    
2 0232017   202450980   第二样本阅览室/ [索取号:Z839.9/19] 在馆    
唐山师范学院图书馆 欢迎您!
大连网信软件有限公司© 版权所有